000 00883nam a22002297a 4500
005 20100804161944.0
010 _aENG-98176
020 _a9788184244991
_c1500.00
035 _aEN-81709
037 _bDBAD/PUB
082 _a660.2842
245 _aSepartation processes :
_bemerging technologies for sustainable development /
_cedited by P. K. Mishra, M. K. Mondal [and] P. Srivastava
260 _aNew Delhi
_bAllied Publishers
_c2009
270 _aA-104 Mayapuri Phase II
_bNew Delhi
_e110064
300 _axvi,532p.
_c24cm (Hb)
500 _aIncludes index
700 _aMishra, P. K.
_96309
700 _aMondal, M. K.
_96310
700 _aSrivastava, P.
_96311
942 _2ddc
_cEN
_h660.2842
_mSEP
999 _c39301
_d39301